LEADER 00820nas a2200229 i 4500 001 000000234185 003 CaOOAMICUS 005 20141117000000.0 008 141008b2014 ne uu u0 0mul r 013 $a213088 040 $aSeMil$bita 245 10$a[2014 : 4]. 260 $aLeiden ; Boston :$bBrill,$ccopyr. 2014. 300 $aP. [519]-699 ;$c24 cm. 500 $aArticoli con sintesi in inglese [Abstract] in testa. 773 0 $tVetus Testamentum.$dLeiden : Brill, 1951.$x0042-4935$w()3098 774 0 $t[vedi periodico].$w()281766 850 $aSeMil 852 $aSeMil$W1$xVenegono$y1$m100 5 76$j184531$B184531$CSeMilBibl$Z2$F197046 $85 961 $aAbbonamento: Brill 996 $6245$a[2014 : 4]$9(OLS)http://semarc/title/330103 996 $6260$aLeiden ; Boston :$bBrill$9(OLS)http://semarc/publisher/39473 LEADER 01098nam a2200241 i 4500 001 000000068898 003 CaOOAMICUS 005 20100812000000.0 008 100812s1952 fr u000 u fre u 013 $a40070 040 $aSeMil$bita 100 1 $aSchwarz, Oswald.$0(OLS)http://semarc/name/34411 245 10$aPsychologie sexuelle /$cpar Oswald Schwarz ; traduction et introduction par François Duyckaerts. 260 $aParis :$bPresses Universitaires de France,$c1952. 300 $aXXXV, 271 p. ;$c23 cm. 490 0 $aBibliothèque de psychanalyse et de psychologie clinique 650 4$aSesso - Psicologia.$0(OLS)http://semarc/subject/4714 700 1 $aDuyckaerts, François.$0(OLS)http://semarc/name/34412 830 0$aBibliothèque de psychanalyse et de psychologie clinique.$0(OLS)http://semarc/title/21370 850 $aSeMil 852 $aSeMil$W1$xVenegono$y1$m2O IV 204$j35051$B35051$CSeMilBibl$Z2$F35054 $81 996 $6245$aPsychologie sexuelle$9(OLS)http://semarc/title/110190 996 $6260$aParis :$bPresses Universitaires de France$9(OLS)http://semarc/publisher/30047